• 首页
  • 本馆介绍
  • 公告通知
  • 最新文献
  • 馆藏检索
  • 电子资源
  • 读者导购
  • 参考咨询
  • 我的图书馆
  • 登录
  • 详细信息显示
  • 放入我的书架
  • 预约/预借图书
  • 作者相关作品
  • 分类相关作品
  • 丛书相关作品
  • 出版社相关作品

书目信息

  • 表格格式
  • 工作单格式
  • 卡片格式
题名:
世界级阴谋
    
 
作者: 布尔蒂克斯 著 ;高枫枫 译
分册:  
出版信息: 南京   江苏人民出版社  2010
页数: 260页
开本: 24cm
丛书名:
单 册:
中图分类: D58
科图分类:
主题词: 社会问题--研究--世界
电子资源:
ISBN: 978-7-214-06439-4
000 00948nam0 2200241 45
001 1237554778
005 20120618085948.50
010    @a978-7-214-06439-4@dCNY34.20
100    @a20110316d2010 em y0chiy50 ea
101 1  @achi@cfre
102    @aCN@b320000
105    @ay z 000yy
106    @ar
200 1  @a世界级阴谋@AShi Jie Ji Yin Mou@f(法)贝尔纳·布尔蒂克斯(Bernard Bourdeix)著@F( Fa ) Bei Er Na· Bu Er Di Ke Si (Bernard Bourdeix) Zhu@g高枫枫译
210    @a南京@c江苏人民出版社@d2010
215    @a260页@c图@d24cm
330    @a本书旨在呈现那些最具代表性的阴谋论,从最离奇古怪的,到需要一丝不苟进行结构性分析的。内容包括:人类登月,9·11,阴谋论;实施中的世界新秩序;光明会,希特勒和世界新秩序等。
606 0  @a社会问题@x研究@y世界
690    @aD58@v4
701  0 @c(法)@a布尔蒂克斯@ABu Er Di Ke Si@c(Bourdeix, Bernard)@4著
702  0 @a高枫枫@AGao Feng Feng@4译
801  0 @aCN@bTSTCL@c20120604
905    @b0816552-55@dD58@e181@f4
    
    世界级阴谋/(法)贝尔纳·布尔蒂克斯(Bernard Bourdeix)著/高枫枫译.-南京:江苏人民出版社,2010
    260页:图;24cm
    
    
    ISBN 978-7-214-06439-4:CNY34.20
    本书旨在呈现那些最具代表性的阴谋论,从最离奇古怪的,到需要一丝不苟进行结构性分析的。内容包括:人类登月,9·11,阴谋论;实施中的世界新秩序;光明会,希特勒和世界新秩序等。
●
相关链接 在E读中查询图书 在五车中查询图书 在当当中查询图书 在豆瓣中查询图书


正题名:世界级阴谋     索取号:D58/181         预约/预借

序号 登录号 条形码 馆藏地/架位号 状态 备注
1 0816552   208165527   第一样本阅览室/ [索取号:D58/181] 在馆    
2 0816553   208165536   第一借阅区/ [索取号:D58/181] 在馆    
3 0816554   208165545   第一借阅区/ [索取号:D58/181] 在馆    
4 0816555   208165554   第一借阅区/ [索取号:D58/181] 在馆    
唐山师范学院图书馆 欢迎您!
大连网信软件有限公司© 版权所有